Statistics for Страны, начинающиеся на букву С

Click here to take the quiz!

General Stats

  • This quiz has been taken 1 498 times
  • The average score is 12 of 23

Answer Stats

Страна% Correct
Северная {Корея}
89%
Словакия
74%
Словения
73%
Северная {Македония}
71%
Сербия
70%
Сомали
68%
Соединённые Штаты Америки
65%
Сирия
62%
Сингапур
58%
Суринам
56%
Сенегал
55%
Судан
50%
Сальвадор
47%
Сан-Марино
45%
Сейшельские Острова
42%
Саудовская Аравия
42%
Самоа
35%
Сент-Люсия
32%
Соломоновы Острова
31%
Сьерра-Леоне
26%
Сент-Винсент и Гренадины
23%
Сан-Томе и Принсипи
23%
Сент-Киттс и Невис
15%

Score Distribution

Percentile by Number Answered

Percent of People with Each Score

Your Score History

You have not taken this quiz